A general map of Ireland to accompany the report of the Railway Commissioners : shewing the principal physical features and geological structure of the country / this map was constructed by order of the government for the specific purposes of the Railway Commission ; the geological lines have been laid down by Rich'd Griffith Esq'r. (Record no. 114185)

MARC details
000 -LEADER
fixed length control field 00937cam a22001815a 4500
001 - CONTROL NUMBER
control field L156328
008 - FIXED-LENGTH DATA ELEMENTS--GENERAL INFORMATION
fixed length control field 120514s1839 xxk f 000 0 eng d
035 ## - SYSTEM CONTROL NUMBER
System control number (Sirsi) u156328
041 0# - LANGUAGE CODE
Language code of text/sound track or separate title eng
100 1# - MAIN ENTRY--PERSONAL NAME
Personal name Griffith, Richard
245 02 - TITLE STATEMENT
Title A general map of Ireland to accompany the report of the Railway Commissioners : shewing the principal physical features and geological structure of the country / this map was constructed by order of the government for the specific purposes of the Railway Commission ; the geological lines have been laid down by Rich'd Griffith Esq'r.
260 ## - PUBLICATION, DISTRIBUTION, ETC.
Place of publication, distribution, etc. Dublin
-- London
Name of publisher, distributor, etc. Published and sold by Hodges & Smith
-- James Gardner
Date of publication, distribution, etc. [1839?]
300 ## - PHYSICAL DESCRIPTION
Extent 1 map on 6 sheets
Other physical details hand col., cloth backing
Dimensions 179 x 145 cm., sheets 65 x 78 cm., folded in slipcase 36 x 29 cm.
583 ## - ACTION NOTE
Action Condition reviewed
Time/date of action 20120620
Status condition level 4
651 #4 - SUBJECT ADDED ENTRY--GEOGRAPHIC NAME
Geographic name Ireland (Island of)
690 ## - LOCAL SUBJECT ADDED ENTRY--TOPICAL TERM (OCLC, RLIN)
Topical term or geographic name as entry element Geomatics
9 (RLIN) 6242
942 ## - ADDED ENTRY ELEMENTS (KOHA)
Suppress in OPAC 0
Holdings
Withdrawn status Lost status Source of classification or shelving scheme Damaged status Not for loan Home library Current library Shelving location Date acquired Total Checkouts Full call number Barcode Date last seen Copy number Price effective from Koha item type
    Dewey Decimal Classification     Historic collection Historic collection Historic collection 14/05/2012   MAP 1839 GRIFFITH 30077057 06/08/2019 1 06/08/2019 Book